Africa's export structure in a comparative perspective
Salvato in:
| Autore principale: | |
|---|---|
| Altri autori: | |
| Natura: | Libro |
| Lingua: | inglese |
| Pubblicazione: |
Geneva
United Nations/United Nations Conference on Trade and Development
1998
|
| Serie: | African development in a comparative perspective
Study No. 4 |
| Soggetti: | |
| Tags: |
Nessun Tag, puoi essere il primo ad aggiungerne!!
|
MARC
| LEADER | 00000nam a2200000 4500 | ||
|---|---|---|---|
| 001 | c124709 | ||
| 005 | 20221221081517.4 | ||
| 041 | 0 | |a eng | |
| 044 | |a CH | ||
| 245 | 1 | 0 | |a Africa's export structure in a comparative perspective |c Adrian Wood and Jörg Mayer |
| 264 | 1 | |a Geneva |b United Nations/United Nations Conference on Trade and Development |c 1998 | |
| 300 | |a 111 s. | ||
| 490 | 1 | |a African development in a comparative perspective |v Study No. 4 | |
| 830 | 0 | |a African development in a comparative perspective |v Study No. 4 | |
| 610 | 2 | 0 | |a vývoz |
| 610 | 2 | 0 | |a štruktúra vývozu |
| 610 | 2 | 0 | |a regióny |
| 610 | 2 | 0 | |a porovnanie medzinárodné |
| 610 | 2 | 0 | |a porovnanie štatistické |
| 610 | 2 | 0 | |a produkty |
| 610 | 2 | 0 | |a výroba |
| 610 | 2 | 0 | |a Afrika |
| 610 | 2 | 0 | |a OSN |
| 100 | 1 | |a Wood, Adrian | |
| 700 | 1 | |a Mayer, Jörg | |